000 00645nam a22002177a 4500
003 DO-SdBNP
005 20180206154909.0
008 151020b 1965 sp ||| |||| 00| 0 spa d
040 _aBPMSU
_bspa
_cBPMSU
082 4 _axxxxx
_bxxxxx
100 1 _aBlyton, Enid
245 1 0 _aTercer año en torres de malory /
_cEnid Blyton ; traducción C. Peraire del Molino
260 _aBarcelona, España :
_bMolino,
_c1965
300 _a188 p. :
_bil.,
_c20 cm.
490 1 _aAventura
_v56
700 1 _aPeraire Molino, C. de,
_etr.
830 0 _aAventura
_n56
942 _2ddc
_cBK
945 _aInventariado, 2018 / BT
956 _aBTAVAREZ
_b10
_dBPMSU
_h0038
999 _c8405
_d8405